[Event "AUTO-OPEN-4389"]
[Site "http://www.queenalice.com/game.php?id=1869846"]
[Date "2026.2.26"]
[Round "2"]
[White "CCapivara"]
[Black "Esvir"]
[Result "0-1"]
[WhiteElo "2278"]
[BlackElo "2003"]

1. e4 e5 2. Nf3 Nc6 3. Bb5 d6 4. O-O Nf6 5. d3 Be7 6. h3 O-O 7. c3 Be6 8. Bg5
Nh5 9. Bxe7 Nxe7 10. Nxe5 a6 11. Ba4 b5 12. Bc2 Nf4 13. Nf3 h6 14. d4 c6 15.
Nbd2 Neg6 16. Re1 Nh4 17. Nxh4 Qxh4 18. Nf3 Qf6 19. e5 Qe7 20. Qd2 Ng6 21. Bxg6
fxg6 22. exd6 Qxd6 23. Ne5 g5 24. b3 c5 25. Rad1 cxd4 26. cxd4 Rf5 27. Nf3 Raf8
28. Re2 Rf4 29. Rde1 Bxh3 30. Nxg5 Bxg2 31. Kxg2 Qg6 32. d5 Qxg5+ 33. Kf1 Qh4
34. Re5 Qh3+ 0-1

[Event "AUTO-OPEN-4389"]
[Site "http://www.queenalice.com/game.php?id=1869847"]
[Date "2026.2.26"]
[Round "2"]
[White "Esvir"]
[Black "CCapivara"]
[Result "0-1"]
[WhiteElo "2016"]
[BlackElo "2249"]

1. e4 d6 2. Nf3 Nf6 3. Nc3 c6 4. d4 Bg4 5. Be2 Nbd7 6. Ng5 Bxe2 7. Qxe2 e5 8.
dxe5 dxe5 9. O-O h6 10. Nh3 Bb4 11. f4 Bxc3 12. bxc3 O-O 13. Rd1 Qc7 14. Qf3
Rad8 15. Ba3 Rfe8 16. Rab1 exf4 17. Nxf4 Ne5 18. Qe2 Rxd1+ 19. Rxd1 Neg4 20. Bd6
Qa5 21. Bb4 Qxa2 22. h3 Ne5 23. Nd3 Nxd3 24. Rxd3 Rxe4 25. Rd8+ Kh7 26. Qf3 Qe6
27. Rd6 Re1+ 28. Kf2 Qe5 29. Qd3+ g6 30. Rd4 Rb1 31. Kf3 Nh5 32. Bd6 Qf6+ 33.
Bf4 Kg7 34. Kg4 Rb5 35. Qe3 Nxf4 36. Rxf4 Rg5+ 37. Kf3 Rf5 38. g3 g5 39. Rxf5
Qxf5+ 40. Kg2 Qxc2+ 41. Kf3 Qf5+ 42. Kg2 Qd5+ 43. Kf2 a5 0-1

[Event "AUTO-MASTER-3262"]
[Site "http://www.queenalice.com/game.php?id=1871100"]
[Date "2026.3.28"]
[Round "2"]
[White "sandrax"]
[Black "CCapivara"]
[Result "1-0"]
[WhiteElo "2376"]
[BlackElo "2242"]

1. d4 d6 2. e4 Nf6 3. Nc3 c6 4. f4 Qa5 5. Bd3 e5 6. Nf3 Bg4 7. Be3 Nbd7 8. h3
Bxf3 9. Qxf3 Be7 10. O-O-O b5 11. Kb1 b4 12. Ne2 O-O 13. g4 exd4 14. Nxd4 Qc7
15. g5 Ne8 16. Nf5 Nc5 17. Bxc5 dxc5 18. e5 g6 19. Nh6+ Kg7 20. h4 a5 21. h5 b3
22. cxb3 a4 23. Qh3 axb3 24. Nf5+ gxf5 25. h6+ Kh8 26. Qxf5 1-0

[Event "AUTO-MASTER-3262"]
[Site "http://www.queenalice.com/game.php?id=1871101"]
[Date "2026.3.28"]
[Round "2"]
[White "CCapivara"]
[Black "sandrax"]
[Result "0-1"]
[WhiteElo "2234"]
[BlackElo "2384"]

1. e4 c5 2. Nf3 Nc6 3. d4 cxd4 4. Nxd4 Nf6 5. Nc3 e5 6. Ndb5 d6 7. Bg5 a6 8. Na3
b5 9. Nd5 Be7 10. Bxf6 Bxf6 11. c3 Rb8 12. Nc2 Bg5 13. Be2 O-O 14. O-O Be6 15.
Nce3 g6 16. g3 Ne7 17. f4 Bh6 18. Qe1 Nxd5 19. Nxd5 Bxd5 20. exd5 exf4 21. gxf4
Re8 22. Qd2 Re4 23. Bd3 Bxf4 24. Qg2 Bxh2+ 25. Qxh2 Qg5+ 26. Kf2 Qe3+ 27. Kg2
Rg4+ 28. Kh1 Qxd3 29. Rad1 Qe4+ 0-1

[Event "AUTO-MASTER-3271"]
[Site "http://www.queenalice.com/game.php?id=1871886"]
[Date "2026.4.13"]
[Round "2"]
[White "CCapivara"]
[Black "LAIRE"]
[Result "1-0"]
[WhiteElo "2253"]
[BlackElo "2170"]

1. e4 e6 2. d4 d5 3. exd5 exd5 4. Nf3 Nf6 5. Bd3 Bd6 6. O-O O-O 7. Bg5 Bg4 8.
Nbd2 Nbd7 9. c3 c6 10. Qc2 Qc7 11. h3 Bh5 12. Rae1 Rae8 13. Bf5 Bg6 14. Rxe8
Rxe8 15. Re1 Bf4 16. Bxf6 Rxe1+ 17. Nxe1 Bxf5 18. Qxf5 Bxd2 19. Nf3 Nxf6 20.
Nxd2 h6 21. Nf3 Ne4 22. Ne5 Nd6 23. Qf3 Qe7 24. g3 Qe6 25. Kg2 Qf5 26. Qxf5 1-0

[Event "AUTO-MASTER-3271"]
[Site "http://www.queenalice.com/game.php?id=1871887"]
[Date "2026.4.13"]
[Round "2"]
[White "LAIRE"]
[Black "CCapivara"]
[Result "0-1"]
[WhiteElo "2180"]
[BlackElo "2243"]

1. d4 d6 2. Nf3 c6 3. c4 Nf6 4. Nc3 Bg4 5. e4 Nbd7 6. Be2 e5 7. d5 Be7 8. Be3
O-O 9. O-O cxd5 10. cxd5 a6 11. Nd2 Bxe2 12. Qxe2 Rc8 13. f4 exf4 14. Bxf4 b5
15. Qd3 Nh5 16. Ne2 Nxf4 17. Nxf4 Bf6 18. Rab1 Ne5 19. Qb3 Bg5 20. g3 h5 21. Qd1
h4 22. Qh5 g6 23. Qe2 Rc2 24. Qe1 Qb6+ 25. Kh1 Qd4 0-1